Life in a coral reef / (Record no. 639)

MARC details
000 -LEADER
fixed length control field 01225nam a22003497a 4500
005 - DATE AND TIME OF LATEST TRANSACTION
control field 20250828130616.0
020 ## - INTERNATIONAL STANDARD BOOK NUMBER
International Standard Book Number 9780064452229 (pbk. bdg.)
020 ## - INTERNATIONAL STANDARD BOOK NUMBER
International Standard Book Number 0064452220 (pbk. bdg.)
020 ## - INTERNATIONAL STANDARD BOOK NUMBER
International Standard Book Number 9780060295530 (trade bdg.)
020 ## - INTERNATIONAL STANDARD BOOK NUMBER
International Standard Book Number 0060295538 (trade bdg.)
040 ## - CATALOGING SOURCE
Original cataloging agency DLC
Transcribing agency DLC
Modifying agency IG#
-- BTCTA
-- GK8
-- ASC
-- ON8
-- IK2
-- DLC
Language of cataloging eng
050 00 - LIBRARY OF CONGRESS CALL NUMBER
Classification number QL125
Item number .P477 2009
082 00 - DEWEY DECIMAL CLASSIFICATION NUMBER
Classification number 591.77/89
Edition number 22
100 1# - MAIN ENTRY--PERSONAL NAME
Personal name Pfeffer, Wendy,
Dates associated with a name 1929-
245 10 - TITLE STATEMENT
Title Life in a coral reef /
Statement of responsibility, etc. by Wendy Pfeffer ; illustrated by Steve Jenkins.
250 ## - EDITION STATEMENT
Edition statement 1st ed.
260 ## - PUBLICATION, DISTRIBUTION, ETC.
Place of publication, distribution, etc. New York :
Name of publisher, distributor, etc. Scholastic,
Date of publication, distribution, etc. 2009.
300 ## - PHYSICAL DESCRIPTION
Extent 32 pages :
Other physical details color illustrations ;
Dimensions 21 x 26 cm.
490 1# - SERIES STATEMENT
Series statement Let's-read-and-find out science. Stage 2
505 ## - FORMATTED CONTENTS NOTE
Formatted contents note Z'
520 ## - SUMMARY, ETC.
Summary, etc. Describes how coral reefs form and discusses the plants and animals that live in them.
521 1# - TARGET AUDIENCE NOTE
Target audience note 1090 <br/>
Source Lexile <br/>
521 1# - TARGET AUDIENCE NOTE
Target audience note Z'<br/>
Source Raz-Plus <br/>
650 #0 - SUBJECT ADDED ENTRY--TOPICAL TERM
Topical term or geographic name entry element Coral reef animals
Form subdivision Juvenile literature.
650 #0 - SUBJECT ADDED ENTRY--TOPICAL TERM
Topical term or geographic name entry element Coral reef ecology
Form subdivision Juvenile literature.
650 #1 - SUBJECT ADDED ENTRY--TOPICAL TERM
Topical term or geographic name entry element Coral reef animals.
650 #1 - SUBJECT ADDED ENTRY--TOPICAL TERM
Topical term or geographic name entry element Coral reef ecology.
700 1# - ADDED ENTRY--PERSONAL NAME
Personal name Jenkins, Steve,
Dates associated with a name 1952-
Relator term illustrator.
906 ## - LOCAL DATA ELEMENT F, LDF (RLIN)
a 7
b cbc
c orignew
d 1
e ecip
f 20
g y-gencatlg
942 ## - ADDED ENTRY ELEMENTS (KOHA)
Source of classification or shelving scheme Dewey Decimal Classification
Koha item type Books
Suppress in OPAC No
999 ## -
-- 639
-- 639
Holdings
Withdrawn status Lost status Source of classification or shelving scheme Damaged status Not for loan Collection Home library Current library Shelving location Date acquired Total Checkouts Full call number Barcode Date last seen Copy number Price effective from Koha item type
Withdrawn   Dewey Decimal Classification Damaged   Non-Fiction Footprints International School Library Network Toul Kork Campus Footprints International School Library Network Toul Kork Campus A TK Campus, 4th Floor, Room B401, Non-Fiction Bookcases(7-8) 06/27/2023   PFE QL125.P477 FISTK02261 06/27/2023 1 06/27/2023 Books
    Dewey Decimal Classification     Non-Fiction Footprints International School Library Network Toul Kork Campus Footprints International School Library Network Toul Kork Campus A TK Campus, 4th Floor, Room B401, Non-Fiction Bookcases(7-8) 06/27/2023   PFE QL125.P477 FISBK01303 11/02/2023 2 06/27/2023 Books
    Dewey Decimal Classification     Non-Fiction Footprints International School Library Network Toul Tom Poung Campus Footprints International School Library Network Toul Tom Poung Campus TTP Secondary Non-Fiction Bookshelves 08/28/2025   PFE QL125.P477 FIS05071 08/28/2025 3 08/28/2025 Books